Handbook of Japanese grammar

This book has been written in order to help the student to think in the Japanese way. The method used is that of giving separate treatment to each suffix, practicle, in order connective, as well as to such of their combinations as seem to have developed special uses. The main parts fo the book consi...

Fuld beskrivelse

Đã lưu trong:
Bibliografiske detaljer
Hovedforfatter: Harold G. Henderson
Format: Bog
Sprog:Undetermined
Udgivet: Cambridge The Cambridge Press 1948
Fag:
Tags: Tilføj Tag
Ingen Tags, Vær først til at tagge denne postø!
Thư viện lưu trữ: Trung tâm Học liệu Trường Đại học Cần Thơ
LEADER 01050nam a2200217Ia 4500
001 CTU_111200
008 210402s9999 xx 000 0 und d
020 |c 255000 
082 |a 495.65 
082 |b H496 
100 |a Harold G. Henderson 
245 0 |a Handbook of Japanese grammar 
245 0 |c Harold G. Henderson 
260 |a Cambridge 
260 |b The Cambridge Press 
260 |c 1948 
520 |a This book has been written in order to help the student to think in the Japanese way. The method used is that of giving separate treatment to each suffix, practicle, in order connective, as well as to such of their combinations as seem to have developed special uses. The main parts fo the book consists of several hundred headings, put in alphabetical order to facilitate reference to them. There have been added, however, some introductory notes on nomenclature, verbs, adjectives, foreign words. 
650 |a Japanese language 
650 |x Grammar 
904 |i Hiếu 
980 |a Trung tâm Học liệu Trường Đại học Cần Thơ